Muerte en el nilo /
Guardado en:
| Autor Principal: | |
|---|---|
| Formato: | Libro |
| Publicado: |
Buenos Aires :
Planeta,
2010
|
| Materias: | |
| Etiquetas: |
Agregar Etiqueta
Sin Etiquetas, Sea el primero en etiquetar este registro!
|
| LEADER | 00601nam a22002175a 4500 | ||
|---|---|---|---|
| 001 | CEM.cems014419 | ||
| 005 | 20140529160202.0 | ||
| 008 | 130507s2010##################000#0#####d | ||
| 003 | CEMS | ||
| 020 | |a 9789504923251 | ||
| 082 | 0 | 4 | |a 823.9 |
| 100 | 1 | |a Christie, Agatha | |
| 245 | 1 | 0 | |a Muerte en el nilo / |c Agatha Christie |
| 260 | |a Buenos Aires : |b Planeta, |c 2010 | ||
| 300 | |a 232 p. | ||
| 500 | |a Traducido por Horacio Grancho | ||
| 653 | |a Literatura | ||
| 653 | |a Literatura inglesa | ||
| 653 | |a Novela | ||
| 653 | |a Novela policial | ||
| 859 | |a CEMS |b BIB. CEMS - 11 de abril |h 823.9 |i CH984-8 |p 26979.14 |t Ej.1 | ||
